000 00615nam a22001577a 4500
003 OSt
005 20151006091557.0
008 151006b xxu||||| |||| 00| 0 eng d
040 _cRUA
082 _aAVM KOY 1996 B070 Or.1
100 _92099
_aKOY, SOPHANNARA.
245 _aImportant infection canceling measure on cattle in phnom penh city, វិធានការលុបបំបាត់ជំងឺឆ្លងសំខាន់ៗ នៃសត្វគោ ក្របី នៅាជធានីភ្នំពេញ.
260 _aphnom phen
_bRUA
_c1996
300 _a68p.
_bill.
_c29cm.
942 _2ddc
_cAVM
999 _c1980
_d1980